000
00342nam a2200145Ia 4500
008
150201s2012 xx 000 0 und d
082
_a
615.845
_b
E12S
100
_a
SINGH, JAGMOHAN
245
_a
TB. OF ELECTROTHERAPY
250
_a
2ND
260
_b
JAYPEE
_a
DELHI
_c
2012
300
_a
1-324
650
_a
PHYSIOTHERAPY
942
_2
ddc
_c
BK
_0
65
999
_c
1404
_d
1404